| 000 -LEADER |
| fixed length control field |
00702nam a2200265Ia 4500 |
| 001 - CONTROL NUMBER |
| control field |
16832 |
| 003 - CONTROL NUMBER IDENTIFIER |
| control field |
GE_BSU |
| 008 - FIXED-LENGTH DATA ELEMENTS--GENERAL INFORMATION |
| fixed length control field |
181216s||||||||xx |||||||||||||| ||und|| |
| 020 ## - INTERNATIONAL STANDARD BOOK NUMBER |
| International Standard Book Number |
ISBN 9780136039754 (alk. paper) |
| 040 ## - CATALOGING SOURCE |
| Transcribing agency |
GE_BSU |
| 080 ## - UNIVERSAL DECIMAL CLASSIFICATION NUMBER |
| Universal Decimal Classification number |
172 |
| 100 ## - MAIN ENTRY--PERSONAL NAME |
| Personal name |
Sharp, Brett S.Grant Aguirre, Kenneth Kickham. |
| 245 ## - TITLE STATEMENT |
| Title |
Managing in the public sector |
| 245 #2 - TITLE STATEMENT |
| Remainder of title |
a casebook in ethics and leadership |
| 250 ## - EDITION STATEMENT |
| Edition statement |
Ed. no. 01 |
| 260 ## - PUBLICATION, DISTRIBUTION, ETC. |
| Place of publication, distribution, etc. |
Boston |
| 260 ## - PUBLICATION, DISTRIBUTION, ETC. |
| Name of publisher, distributor, etc. |
Longman, |
| 260 ## - PUBLICATION, DISTRIBUTION, ETC. |
| Date of publication, distribution, etc. |
2011 |
| 300 ## - PHYSICAL DESCRIPTION |
| Extent |
xi, 154 p. ; 23 cm. |
| 653 ## - INDEX TERM--UNCONTROLLED |
| Uncontrolled term |
a casebook in ethics and leadership |
| 653 ## - INDEX TERM--UNCONTROLLED |
| Uncontrolled term |
Managing in the public sector |
| 653 ## - INDEX TERM--UNCONTROLLED |
| Uncontrolled term |
ეთიკა |
| 942 ## - ADDED ENTRY ELEMENTS (KOHA) |
| Koha item type |
წიგნი |